MARC

LEADER 00000nam0a2200000 4500
001 297393
005 20231102001013.0
020 |a RU  |b 84-61901 
035 |a (RuTPU)RU\TPU\book\322526 
090 |a 297393 
100 |a 20150608d1984 km y0rusy5003 ca 
101 0 |a rus 
102 |a UA 
105 |a a z 101zy 
200 1 |a Космохимия и метеоритика  |e материалы VI всесоюзного симпозиума  |f Академия наук Украинской ССР (АН УССР), Институт геохимии и физики минералов ; под ред. Э. В. Соботовича 
210 |a Киев  |c Наукова думка  |d 1984 
215 |a 220 с.  |c ил. 
320 |a Библиогр. в конце ст. 
606 1 |a Космохимия  |2 stltpush  |3 (RuTPU)RU\TPU\subj\15903  |9 42104 
606 1 |a Метеоритика  |2 stltpush  |3 (RuTPU)RU\TPU\subj\72352  |9 85911 
610 1 |a космическая химия 
610 1 |a симпозиумы 
610 1 |a Солнечная система 
610 1 |a формирование 
610 1 |a Земля 
610 1 |a планеты 
610 1 |a метеориты 
610 1 |a импактиты 
610 1 |a космические тела 
610 1 |a состав 
610 1 |a свойства 
610 1 |a строение 
610 1 |a физико-химические свойства 
675 |a 52-36  |z rus  |v 3 
675 |a 523.68  |z rus  |v 3 
702 1 |a Соботович  |b Э. В.  |g Эмлен Владимирович  |4 340 
712 0 2 |a Академия наук Украинской ССР (АН УССР)  |b Институт геохимии и физики минералов  |2 stltpush  |3 (RuTPU)RU\TPU\col\13747 
712 1 2 |a Космохимия и метеоритика  |c симпозиум  |d 6  |e Киев  |f 1984  |4 570 
801 0 |a RU  |b RuMRKP  |c 19950704  |g psbo 
801 1 |a RU  |b 63413507  |c 20150608 
801 2 |a RU  |b 63413507  |c 20190212  |g RCR 
942 |c BK